Turfgrass management in the transition zone

Сохранить в:
Библиографические подробности
Главный автор:  Dunn, John H
Формат: Sách
Язык:Undetermined
Опубликовано:  John Wiley & Sons  2004
Предметы:
Метки: Добавить метку
Нет меток, Требуется 1-ая метка записи!
Thư viện lưu trữ: Trung tâm Thư viện - Trường Đại học Công nghiệp TP. Hồ Chí Minh
LEADER 00486nam a2200157Ia 4500
001 UIH_04377
008 231011s9999 xx 000 0 und d
082 |a  635.9 
100 |a  Dunn, John H 
245 0 |a  Turfgrass management in the transition zone 
245 0 |c  Dunn, John H 
260 |b  John Wiley & Sons 
260 |c  2004 
650 |a  Quản lý sân cỏ;  
927 |a Sách 
980 |a Trung tâm Thư viện - Trường Đại học Công nghiệp TP. Hồ Chí Minh